000 00318nam a22001217a 4500
008 180423b xxu||||| |||| 00| 0 eng d
041 _aeng
080 _a043.3
100 _a0
101 _aMBE-BTH
245 _aAnaliza statistikore e punësisë dhe papunësisë në republikë e Kosovës
_cGashi,A
942 _2udc
_cBK
999 _c45423
_d45423